| 000 | 01245nam a2200337 i 4500 | ||
|---|---|---|---|
| 001 | 000017292 | ||
| 003 | DO-SdBNP | ||
| 005 | 20240503073631.0 | ||
| 007 | ta | ||
| 008 | 100322s2005 dr a 001 0 spa d | ||
| 020 | _a9945429019 | ||
| 040 |
_aDO-SdBNP _bspa _cDO-SdBNP _erda |
||
| 049 | _a | ||
| 082 | 4 |
_a863.3 _bC419d _222 |
|
| 100 | 1 |
_aCervantes Saavedra, Miguel de, _d1547-1616 _93070 |
|
| 245 | 1 | 0 |
_aDon Quijote de La Mancha / _cMiguel de Cervantes Saavedra ; editora, Martha Higueras Díez; prólogo de Josefina Aldecoa ; edición adaptada y anotada por Nieves Sánchez Mendieta |
| 264 |
_aMadrid : _bSantillana, _c2005 |
||
| 300 |
_a301 páginas : _b ilustraciones ; _c22 cm. |
||
| 336 |
_2rdacontent _atexto _btxt |
||
| 337 |
_2rdamedia _asin mediación _bn |
||
| 338 |
_2rdacarrier _avolumen _bnc |
||
| 490 | _aAlfaguara infantil | ||
| 590 | _aInventariado 2023 / BT | ||
| 600 | 1 | 4 |
_aCervantes Saavedra, Miguel de, _d1547-1616. _976856 |
| 650 | 4 |
_aNovela española _91123 _2Lemb |
|
| 650 | 4 |
_aLiteratura española _9632 _2Lemb |
|
| 700 | 1 |
_aAdecoa, Josefina, _937950 _eprólogo |
|
| 700 | 1 |
_aSánchez Mendieta, Nieves, _eadaptación y anécdotas _973150 |
|
| 910 | _aDG/Validado. Control de calidad MFF | ||
| 942 |
_2ddc _cLBS1 |
||
| 999 |
_c52053 _d52053 |
||